000 00693nam a22002057a 4500
003 OSt
005 20251204144202.0
008 251204b |||||||| |||| 00| 0 eng d
020 _a0-471-47302-2.
040 _aDWCL-Main lib.
_cOC
082 _aCirc. 657 Ep64w 2004
100 _aEpstein, Barry J.
245 _aWiley IAS 2004 interpretation and application of international accounting and financial reporting standards/
_cBarry J. Epstein
260 _aN. J. :
_b John Wiley & Sons, Inc.,
_cc2004.
300 _a1094 p. ;
_c 23 cm.
650 _a1. Accounting-Standards.
650 _a2. Corporations-Accounting.
700 _aMirza, Abba Ali
942 _2ddc
_cBK-CIRC
_hCirc.
_n0
999 _c6854
_d6854